<?xml version="1.0" encoding="UTF-8"?>
<record
    xmlns:xsi="http://www.w3.org/2001/XMLSchema-instance"
    xsi:schemaLocation="http://www.loc.gov/MARC21/slim http://www.loc.gov/standards/marcxml/schema/MARC21slim.xsd"
    xmlns="http://www.loc.gov/MARC21/slim">

  <leader>01455nam a2200373 a 4500</leader>
  <controlfield tag="005">20240510111221.0</controlfield>
  <controlfield tag="008">100302s2010    ag il. f |    001 0 spa d</controlfield>
  <datafield tag="020" ind1=" " ind2=" ">
    <subfield code="a">9789500613699</subfield>
  </datafield>
  <datafield tag="041" ind1=" " ind2=" ">
    <subfield code="a">spa</subfield>
  </datafield>
  <datafield tag="092" ind1=" " ind2=" ">
    <subfield code="c">611</subfield>
    <subfield code="l">76</subfield>
    <subfield code="s">RUI</subfield>
  </datafield>
  <datafield tag="100" ind1="1" ind2=" ">
    <subfield code="a">Latarjet, Michel</subfield>
    <subfield code="9">3802</subfield>
  </datafield>
  <datafield tag="245" ind1=" " ind2=" ">
    <subfield code="a">Anatom&#xED;a Humana.</subfield>
    <subfield code="b">T.2 /</subfield>
    <subfield code="c">Alfredo Ruiz Liard (h)</subfield>
  </datafield>
  <datafield tag="250" ind1=" " ind2=" ">
    <subfield code="a">4a ed. 8a reimp.</subfield>
  </datafield>
  <datafield tag="260" ind1=" " ind2=" ">
    <subfield code="a">Buenos Aires: </subfield>
    <subfield code="b">Editorial M&#xE9;dica Panamericana;</subfield>
    <subfield code="c">2010.</subfield>
  </datafield>
  <datafield tag="300" ind1=" " ind2=" ">
    <subfield code="a">881-1746 p.</subfield>
    <subfield code="b">il.</subfield>
    <subfield code="c">28x20 cm.</subfield>
    <subfield code="e">incluye CD</subfield>
  </datafield>
  <datafield tag="500" ind1=" " ind2=" ">
    <subfield code="a">Latarjet, M. y Ruiz Liard, A. (2010). Anatom&#xED;a humana. T.2 (4a ed.). Buenos Aires : Editorial M&#xE9;dica Panamericana.
</subfield>
  </datafield>
  <datafield tag="590" ind1=" " ind2=" ">
    <subfield code="a">Compra FACIMED, Julio 2011. Ejemplar (4a ed.) roto y reemplazado por Azul Moharraui por una edici&#xF3;n nueva (5a ed.), conserva el inventario y n&#xFA;mero de ejemplar. 11/12/2023</subfield>
  </datafield>
  <datafield tag="653" ind1=" " ind2=" ">
    <subfield code="a">Caja tor&#xE1;cica</subfield>
  </datafield>
  <datafield tag="653" ind1=" " ind2=" ">
    <subfield code="a">Sistema cardiovascular</subfield>
  </datafield>
  <datafield tag="653" ind1=" " ind2=" ">
    <subfield code="a">Vasos sangu&#xED;neos</subfield>
  </datafield>
  <datafield tag="653" ind1=" " ind2=" ">
    <subfield code="a">Arterias de la gran circulaci&#xF3;n</subfield>
  </datafield>
  <datafield tag="653" ind1=" " ind2=" ">
    <subfield code="a">Venas de la gran circulaci&#xF3;n</subfield>
  </datafield>
  <datafield tag="653" ind1=" " ind2=" ">
    <subfield code="a">Sistema linf&#xE1;tico</subfield>
  </datafield>
  <datafield tag="653" ind1=" " ind2=" ">
    <subfield code="a">Sistema respiratorio</subfield>
  </datafield>
  <datafield tag="653" ind1=" " ind2=" ">
    <subfield code="a">Sistema digestivo supradiafragm&#xE1;tico</subfield>
  </datafield>
  <datafield tag="653" ind1=" " ind2=" ">
    <subfield code="a">Pared abdominal</subfield>
  </datafield>
  <datafield tag="653" ind1=" " ind2=" ">
    <subfield code="a">Cavidad abdominal y sistema digestivo infradiafragm&#xE1;tico</subfield>
  </datafield>
  <datafield tag="653" ind1=" " ind2=" ">
    <subfield code="a">Sistema urinario</subfield>
  </datafield>
  <datafield tag="653" ind1=" " ind2=" ">
    <subfield code="a">Sistema genital masculino</subfield>
  </datafield>
  <datafield tag="653" ind1=" " ind2=" ">
    <subfield code="a">Sistema genital femenino</subfield>
  </datafield>
  <datafield tag="653" ind1=" " ind2=" ">
    <subfield code="a">Gl&#xE1;ndulas end&#xF3;crinas</subfield>
  </datafield>
  <datafield tag="700" ind1="1" ind2=" ">
    <subfield code="a">Ruiz Liard, Alfredo</subfield>
    <subfield code="9">777</subfield>
  </datafield>
  <datafield tag="942" ind1=" " ind2=" ">
    <subfield code="2">ddc</subfield>
    <subfield code="c">BK</subfield>
    <subfield code="0">5</subfield>
  </datafield>
  <datafield tag="999" ind1=" " ind2=" ">
    <subfield code="c">874</subfield>
    <subfield code="d">874</subfield>
  </datafield>
  <datafield tag="952" ind1=" " ind2=" ">
    <subfield code="0">0</subfield>
    <subfield code="1">0</subfield>
    <subfield code="2">ddc</subfield>
    <subfield code="4">0</subfield>
    <subfield code="7">0</subfield>
    <subfield code="a">BFM</subfield>
    <subfield code="b">BFM</subfield>
    <subfield code="c">CR</subfield>
    <subfield code="d">2011-07-06</subfield>
    <subfield code="l">160</subfield>
    <subfield code="m">7</subfield>
    <subfield code="o">611 77 RUI</subfield>
    <subfield code="p">2412</subfield>
    <subfield code="r">2024-08-29</subfield>
    <subfield code="s">2024-08-22</subfield>
    <subfield code="t">ej.16</subfield>
    <subfield code="w">2011-07-06</subfield>
    <subfield code="y">BK</subfield>
  </datafield>
  <datafield tag="952" ind1=" " ind2=" ">
    <subfield code="0">0</subfield>
    <subfield code="1">0</subfield>
    <subfield code="2">ddc</subfield>
    <subfield code="4">0</subfield>
    <subfield code="7">0</subfield>
    <subfield code="8">NFIC</subfield>
    <subfield code="a">BFM</subfield>
    <subfield code="b">BFM</subfield>
    <subfield code="c">CR</subfield>
    <subfield code="d">2012-06-06</subfield>
    <subfield code="e">Proyecto PROMED</subfield>
    <subfield code="g">280.00</subfield>
    <subfield code="l">167</subfield>
    <subfield code="m">16</subfield>
    <subfield code="o">611 77 RUI</subfield>
    <subfield code="p">2528</subfield>
    <subfield code="r">2025-06-18</subfield>
    <subfield code="s">2025-06-11</subfield>
    <subfield code="t">Ej. 17</subfield>
    <subfield code="w">2012-06-06</subfield>
    <subfield code="y">BK</subfield>
  </datafield>
  <datafield tag="952" ind1=" " ind2=" ">
    <subfield code="0">0</subfield>
    <subfield code="1">0</subfield>
    <subfield code="2">ddc</subfield>
    <subfield code="4">0</subfield>
    <subfield code="7">0</subfield>
    <subfield code="8">NFIC</subfield>
    <subfield code="a">BFM</subfield>
    <subfield code="b">BFM</subfield>
    <subfield code="c">CR</subfield>
    <subfield code="d">2012-06-06</subfield>
    <subfield code="e">Proyecto PROMED</subfield>
    <subfield code="g">280.00</subfield>
    <subfield code="l">143</subfield>
    <subfield code="m">10</subfield>
    <subfield code="o">611 77 RUI</subfield>
    <subfield code="p">2530</subfield>
    <subfield code="r">2023-06-05</subfield>
    <subfield code="s">2023-05-29</subfield>
    <subfield code="t">Ej. 18</subfield>
    <subfield code="w">2012-06-06</subfield>
    <subfield code="y">BK</subfield>
  </datafield>
  <datafield tag="952" ind1=" " ind2=" ">
    <subfield code="0">0</subfield>
    <subfield code="1">0</subfield>
    <subfield code="2">ddc</subfield>
    <subfield code="4">0</subfield>
    <subfield code="7">0</subfield>
    <subfield code="8">NFIC</subfield>
    <subfield code="a">BFM</subfield>
    <subfield code="b">BFM</subfield>
    <subfield code="c">CR</subfield>
    <subfield code="d">2012-06-06</subfield>
    <subfield code="e">Proyecto PROMED</subfield>
    <subfield code="g">280.00</subfield>
    <subfield code="l">137</subfield>
    <subfield code="m">12</subfield>
    <subfield code="o">611 77 RUI</subfield>
    <subfield code="p">2532</subfield>
    <subfield code="r">2023-09-25</subfield>
    <subfield code="s">2023-09-18</subfield>
    <subfield code="t">Ej. 19</subfield>
    <subfield code="w">2012-06-06</subfield>
    <subfield code="y">BK</subfield>
  </datafield>
  <datafield tag="952" ind1=" " ind2=" ">
    <subfield code="0">0</subfield>
    <subfield code="1">0</subfield>
    <subfield code="2">ddc</subfield>
    <subfield code="4">0</subfield>
    <subfield code="7">0</subfield>
    <subfield code="8">NFIC</subfield>
    <subfield code="a">BFM</subfield>
    <subfield code="b">BFM</subfield>
    <subfield code="c">CR</subfield>
    <subfield code="d">2012-06-06</subfield>
    <subfield code="e">Proyecto PROMED</subfield>
    <subfield code="g">280.00</subfield>
    <subfield code="l">166</subfield>
    <subfield code="m">10</subfield>
    <subfield code="o">611 77 RUI</subfield>
    <subfield code="p">2534</subfield>
    <subfield code="r">2024-08-30</subfield>
    <subfield code="s">2024-08-16</subfield>
    <subfield code="t">Ej. 20</subfield>
    <subfield code="w">2012-06-06</subfield>
    <subfield code="y">BK</subfield>
  </datafield>
  <datafield tag="952" ind1=" " ind2=" ">
    <subfield code="0">0</subfield>
    <subfield code="1">0</subfield>
    <subfield code="2">ddc</subfield>
    <subfield code="4">0</subfield>
    <subfield code="7">0</subfield>
    <subfield code="8">NFIC</subfield>
    <subfield code="a">BFM</subfield>
    <subfield code="b">BFM</subfield>
    <subfield code="c">CR</subfield>
    <subfield code="d">2012-06-06</subfield>
    <subfield code="e">Proyecto PROMED</subfield>
    <subfield code="g">280.00</subfield>
    <subfield code="l">158</subfield>
    <subfield code="m">7</subfield>
    <subfield code="o">611 77 RUI</subfield>
    <subfield code="p">2536</subfield>
    <subfield code="r">2023-08-24</subfield>
    <subfield code="s">2023-08-18</subfield>
    <subfield code="t">Ej. 21</subfield>
    <subfield code="w">2012-06-06</subfield>
    <subfield code="y">BK</subfield>
  </datafield>
  <datafield tag="952" ind1=" " ind2=" ">
    <subfield code="0">0</subfield>
    <subfield code="1">0</subfield>
    <subfield code="2">ddc</subfield>
    <subfield code="4">0</subfield>
    <subfield code="7">0</subfield>
    <subfield code="a">BFM</subfield>
    <subfield code="b">BFM</subfield>
    <subfield code="c">CR</subfield>
    <subfield code="d">2014-05-26</subfield>
    <subfield code="l">125</subfield>
    <subfield code="m">9</subfield>
    <subfield code="o">611 77 RUI</subfield>
    <subfield code="p">3291</subfield>
    <subfield code="r">2024-09-24</subfield>
    <subfield code="s">2024-09-23</subfield>
    <subfield code="t">Ej.22</subfield>
    <subfield code="w">2014-05-26</subfield>
    <subfield code="y">BK</subfield>
    <subfield code="z">DONACION FRANCO MAGRINI, MAYO 2014</subfield>
  </datafield>
  <datafield tag="952" ind1=" " ind2=" ">
    <subfield code="0">0</subfield>
    <subfield code="1">0</subfield>
    <subfield code="2">ddc</subfield>
    <subfield code="4">0</subfield>
    <subfield code="7">0</subfield>
    <subfield code="8">NFIC</subfield>
    <subfield code="a">BFM</subfield>
    <subfield code="b">BFM</subfield>
    <subfield code="c">CR</subfield>
    <subfield code="d">2016-04-12</subfield>
    <subfield code="e">PROMED 3er a&#xF1;o</subfield>
    <subfield code="g">1000.00</subfield>
    <subfield code="l">69</subfield>
    <subfield code="m">2</subfield>
    <subfield code="o">611 77 RUI</subfield>
    <subfield code="p">3663</subfield>
    <subfield code="r">2023-09-20</subfield>
    <subfield code="s">2023-09-12</subfield>
    <subfield code="t">Ej. 23</subfield>
    <subfield code="w">2016-04-12</subfield>
    <subfield code="y">BK</subfield>
    <subfield code="z">PROMED 3ER A&#xD1;O</subfield>
    <subfield code="f"></subfield>
  </datafield>
  <datafield tag="952" ind1=" " ind2=" ">
    <subfield code="0">0</subfield>
    <subfield code="1">0</subfield>
    <subfield code="2">ddc</subfield>
    <subfield code="4">0</subfield>
    <subfield code="7">0</subfield>
    <subfield code="8">NFIC</subfield>
    <subfield code="a">BFM</subfield>
    <subfield code="b">BFM</subfield>
    <subfield code="c">CR</subfield>
    <subfield code="d">2016-04-12</subfield>
    <subfield code="e">PROMED 3er a&#xF1;o</subfield>
    <subfield code="g">1000.00</subfield>
    <subfield code="l">81</subfield>
    <subfield code="m">4</subfield>
    <subfield code="o">611 77 RUI</subfield>
    <subfield code="p">3664</subfield>
    <subfield code="r">2024-10-04</subfield>
    <subfield code="s">2024-09-18</subfield>
    <subfield code="t">Ej. 24</subfield>
    <subfield code="w">2016-04-12</subfield>
    <subfield code="y">BK</subfield>
    <subfield code="z">PROMED 3ER A&#xD1;O</subfield>
    <subfield code="f"></subfield>
  </datafield>
  <datafield tag="952" ind1=" " ind2=" ">
    <subfield code="0">0</subfield>
    <subfield code="1">0</subfield>
    <subfield code="2">ddc</subfield>
    <subfield code="4">0</subfield>
    <subfield code="7">0</subfield>
    <subfield code="8">NFIC</subfield>
    <subfield code="a">BFM</subfield>
    <subfield code="b">BFM</subfield>
    <subfield code="c">CR</subfield>
    <subfield code="d">2018-08-06</subfield>
    <subfield code="e">DONACION</subfield>
    <subfield code="l">36</subfield>
    <subfield code="m">11</subfield>
    <subfield code="o">611 77 RUI</subfield>
    <subfield code="p">4328</subfield>
    <subfield code="q">2026-06-12</subfield>
    <subfield code="r">2026-06-05</subfield>
    <subfield code="s">2026-06-05</subfield>
    <subfield code="t">Ej. 25</subfield>
    <subfield code="w">2018-08-06</subfield>
    <subfield code="y">BK</subfield>
    <subfield code="z">DONACION MARIANELA BUSTAMANTE AGOSTO 2018. Ejemplar (4a ed.) roto y reemplazado por Azul Moharraui por una edici&#xF3;n nueva (5a ed.), conserva el inventario y n&#xFA;mero de ejemplar. La ultima hoja venia pegada a la tapa, lo dem&#xE1;s todo bien. 11/12/2023</subfield>
    <subfield code="f"></subfield>
  </datafield>
  <datafield tag="952" ind1=" " ind2=" ">
    <subfield code="0">0</subfield>
    <subfield code="1">0</subfield>
    <subfield code="2">ddc</subfield>
    <subfield code="4">0</subfield>
    <subfield code="7">0</subfield>
    <subfield code="a">BFM</subfield>
    <subfield code="b">BFM</subfield>
    <subfield code="c">CR</subfield>
    <subfield code="d">2022-08-26</subfield>
    <subfield code="e">Donaci&#xF3;n de Leonardo Orellana Kittsteiner, agosto 2022</subfield>
    <subfield code="l">1</subfield>
    <subfield code="o">611 77 RUI</subfield>
    <subfield code="p">4777</subfield>
    <subfield code="r">2022-09-13</subfield>
    <subfield code="s">2022-09-13</subfield>
    <subfield code="t">Ej. 32</subfield>
    <subfield code="w">2022-08-26</subfield>
    <subfield code="y">BK</subfield>
    <subfield code="z">Donaci&#xF3;n de Leonardo Orellana Kittsteiner, agosto 2022.</subfield>
    <subfield code="f"></subfield>
  </datafield>
  <datafield tag="952" ind1=" " ind2=" ">
    <subfield code="0">0</subfield>
    <subfield code="1">0</subfield>
    <subfield code="2">ddc</subfield>
    <subfield code="4">0</subfield>
    <subfield code="7">0</subfield>
    <subfield code="a">BFM</subfield>
    <subfield code="b">BFM</subfield>
    <subfield code="c">CR</subfield>
    <subfield code="d">2023-02-06</subfield>
    <subfield code="e">Donaci&#xF3;n Ledesma Camila, febrero 2023</subfield>
    <subfield code="l">5</subfield>
    <subfield code="m">3</subfield>
    <subfield code="o">611 77 RUI</subfield>
    <subfield code="p">4813</subfield>
    <subfield code="r">2023-09-07</subfield>
    <subfield code="s">2023-09-01</subfield>
    <subfield code="t">Ej.33</subfield>
    <subfield code="w">2023-02-06</subfield>
    <subfield code="y">BK</subfield>
    <subfield code="z">Donaci&#xF3;n Ledesma, Camila, febrero 2023</subfield>
    <subfield code="f"></subfield>
  </datafield>
  <datafield tag="952" ind1=" " ind2=" ">
    <subfield code="0">0</subfield>
    <subfield code="1">0</subfield>
    <subfield code="2">ddc</subfield>
    <subfield code="4">0</subfield>
    <subfield code="7">0</subfield>
    <subfield code="a">BFM</subfield>
    <subfield code="b">BFM</subfield>
    <subfield code="c">CR</subfield>
    <subfield code="d">2025-07-23</subfield>
    <subfield code="e">Donaci&#xF3;n julio 2025.</subfield>
    <subfield code="l">0</subfield>
    <subfield code="o">611 77 RUI</subfield>
    <subfield code="p">5044</subfield>
    <subfield code="r">2025-07-23</subfield>
    <subfield code="t">Ej. 34</subfield>
    <subfield code="w">2025-07-23</subfield>
    <subfield code="y">BK</subfield>
    <subfield code="z">Donaci&#xF3;n julio 2025.</subfield>
    <subfield code="f"></subfield>
  </datafield>
  <datafield tag="952" ind1=" " ind2=" ">
    <subfield code="0">0</subfield>
    <subfield code="1">0</subfield>
    <subfield code="2">ddc</subfield>
    <subfield code="4">0</subfield>
    <subfield code="7">0</subfield>
    <subfield code="a">BFM</subfield>
    <subfield code="b">BFM</subfield>
    <subfield code="c">CR</subfield>
    <subfield code="d">2026-05-19</subfield>
    <subfield code="e">Donaci&#xF3;n mayo 2026</subfield>
    <subfield code="l">1</subfield>
    <subfield code="o">611 77 RUI</subfield>
    <subfield code="p">5163</subfield>
    <subfield code="q">2026-06-12</subfield>
    <subfield code="r">2026-06-05</subfield>
    <subfield code="s">2026-06-05</subfield>
    <subfield code="t">Ej. 35</subfield>
    <subfield code="w">2026-05-19</subfield>
    <subfield code="y">BK</subfield>
    <subfield code="z">Donaci&#xF3;n Biblioteca Central Uncoma, mayo 2026.</subfield>
    <subfield code="f"></subfield>
  </datafield>
</record>
